SHIP DESIGN, CONSTRUCTION AND OPERATION (Record no. 216179)

MARC details
000 -LEADER
fixed length control field 00474nam a22001577a 4500
008 - FIXED-LENGTH DATA ELEMENTS--GENERAL INFORMATION
fixed length control field 251113b |||||||| |||| 00| 0 eng d
020 ## - INTERNATIONAL STANDARD BOOK NUMBER
International Standard Book Number 979-8-88715-353-7
100 ## - MAIN ENTRY--PERSONAL NAME
Personal name CRACKSTONE, KATE
245 ## - TITLE STATEMENT
Title SHIP DESIGN, CONSTRUCTION AND OPERATION
260 ## - PUBLICATION, DISTRIBUTION, ETC.
Place of publication, distribution, etc. DUBLIN
Name of publisher, distributor, etc. ORYSON PRESS
Date of publication, distribution, etc. 2024
300 ## - PHYSICAL DESCRIPTION
Extent VI, 276P.
500 ## - GENERAL NOTE
General note INCLUDES INDEX
650 ## - SUBJECT ADDED ENTRY
Topical term or geographic name entry element 1. SHIPS -DESIGN AND CONSTRUCTION 2. SHIPBUILDING 3. MARINE ENGINEERING
942 ## - ADDED ENTRY ELEMENTS (KOHA)
Source of classification or shelving scheme Library of Congress Classification
Koha item type Long Loan Book
Holdings
Withdrawn status Lost status Source of classification or shelving scheme Damaged status Not for loan Collection Home library Current library Shelving location Date acquired Inventory number Total checkouts Full call number Barcode Date last seen Copy number Price effective from Koha item type
    Library of Congress Classification     Science & Technology Kisii University Library Kisii University Library On Display 11/13/2025 109753   VM 307 .C73 2024 000000018292 11/13/2025 C.1 11/13/2025 Long Loan Book
    Library of Congress Classification     Science & Technology Kisii University Library Kisii University Library On Display 11/13/2025 109754   VM 307 .C73 2024 000000018293 11/13/2025 C.2 11/13/2025 Long Loan Book
    Library of Congress Classification     Science & Technology Kisii University Library Kisii University Library On Display 11/13/2025 109755   VM 307 .C73 2024 000000018294 11/13/2025 C.3 11/13/2025 Long Loan Book
    Library of Congress Classification     Science & Technology Kisii University Library Kisii University Library On Display 11/13/2025 109756   VM 307 .C73 2024 000000018295 11/13/2025 C.4 11/13/2025 Long Loan Book